书目信息 |
| 题名: |
苗族服装裁剪与缝制工艺
|
|
| 作者: | 张小游 著 | |
| 分册: | ||
| 出版信息: | 北京 中国纺织出版社有限公司 2020 |
|
| 页数: | 145页 | |
| 开本: | 24cm | |
| 丛书名: | ||
| 单 册: | ||
| 中图分类: | TS941.63 | |
| 科图分类: | ||
| 主题词: | 苗族--服装裁缝 | |
| 电子资源: | ||
| ISBN: | 978-7-5180-6953-8 | |
| 000 | 00863nam0 2200229 450 | |
| 001 | 2331918853 | |
| 005 | 20231010085211.52 | |
| 010 | @a978-7-5180-6953-8@dCNY40.00 | |
| 100 | @a20210127d2020 em y0chiy50 ea | |
| 101 | 0 | @achi |
| 102 | @aCN@b110000 | |
| 105 | @aa z 000yy | |
| 200 | 1 | @a苗族服装裁剪与缝制工艺@Amiao zu fu zhuang cai jian yu feng zhi gong yi@f张小游著 |
| 210 | @a北京@c中国纺织出版社有限公司@d2020 | |
| 215 | @a145页@c图@d24cm | |
| 300 | @a彭水苗族土家族自治县职业教育中心 | |
| 330 | @a本书以苗族服装的裁剪与缝制为主要内容,通过对苗族女便装、女裤装、女盛装、百褶裙装、围裙、男便装、男盛装、儿童便装、儿童盛装、创新装等服装进行详细分析,深入挖掘苗族服装的结构特征及工艺特色。 | |
| 606 | 0 | @a苗族@x服装裁缝 |
| 690 | @aTS941.63@v5 | |
| 701 | 0 | @a张小游@Azhang xiao you@4著 |
| 801 | 0 | @aCN@b安徽时代@c20230923 |
| 905 | @aBZT@dTS941.63@e125 | |
| 苗族服装裁剪与缝制工艺/张小游著.-北京:中国纺织出版社有限公司,2020 |
| 145页:图;24cm |
| 彭水苗族土家族自治县职业教育中心 |
| ISBN 978-7-5180-6953-8:CNY40.00 |
| 本书以苗族服装的裁剪与缝制为主要内容,通过对苗族女便装、女裤装、女盛装、百褶裙装、围裙、男便装、男盛装、儿童便装、儿童盛装、创新装等服装进行详细分析,深入挖掘苗族服装的结构特征及工艺特色。 |
| ● |
| 相关链接 |
|
|
|
正题名:苗族服装裁剪与缝制工艺
索取号:TS941.63/125
 
预约/预借
| 序号 | 登录号 | 条形码 | 馆藏地/架位号 | 状态 | 备注 |
| 1 | 2000936556 | 2000936556 | 第四书库/四28架A面5层1列/ [索取号:TS941.63/125] | 在馆 | |
| 2 | 2000936557 | 2000936557 | 第四书库/四28架A面5层1列/ [索取号:TS941.63/125] | 在馆 | |
| 3 | 2000936558 | 2000936558 | 第四书库/四28架A面5层1列/ [索取号:TS941.63/125] | 在馆 | |
| 4 | 2000936559 | 2000936559 | 第四书库/四28架A面5层1列/ [索取号:TS941.63/125] | 在馆 | |
| 5 | 2000936560 | 2000936560 | 第四书库/四28架A面5层1列/ [索取号:TS941.63/125] | 在馆 | |
| 6 | 2000936561 | 2000936561 | 第四书库/四28架A面5层1列/ [索取号:TS941.63/125] | 在馆 |